| 000 | 00492nam a2200169 i 4500 | ||
|---|---|---|---|
| 001 | 34546 | ||
| 003 | ES-MaACL | ||
| 005 | 20230906154942.0 | ||
| 007 | t| | ||
| 008 | 030207s1959 sp ||||1| spa d | ||
| 100 | 1 |
_aBonica, John J. _930169 |
|
| 245 | 1 | 0 |
_aTratamiento del dolor / _cpor John J. Bonica. |
| 250 | _a[1ยช ed.]. | ||
| 260 |
_aBarcelona, etc. : _bSalvat, _c1959 ( _fImprenta Hispano-Americana) |
||
| 300 |
_aXX, 1342 p. : _bil. ; _c26 cm. |
||
| 852 |
_aES-MaACL _jC-16861 _bR.44749 |
||
| 999 |
_c34546 _d34546 |
||